000 00395nam a22001217a 4500
082 _a220 PRO
100 _aADIL,TARIQ,ANAS,ANEEQ
_972434
245 _aPR-SOF-1173-DESIGN ANALYSIS AND DEVELOPMENT CONTROL OF G3 RIFLE MOUNT FOR AN UNMANNED GROUND VEHICLE
260 _aISLAMABAD
_bNUST COLLEGE OF EME
_c2012
650 _a DE-MTS-30
700 _aDR JAVAID IQBAL,NASIR RASHID
_972435
942 _cCR
999 _c578465
_d578465